00469nam a2200193Ia 4500008004100000041001200041082002300053100001900076245002800095260003400123300000700157365000700164520001200171546001200183630002800195650001200223655001200235730002800247101110s9999 xx 000 0 und d aMARATHI bJR4344a338.954792 aSunkule Rajesh aBramanti Maharashtrachi c2000bAamod Prakashan, Mumbai a96 b75 aMarathi aMARATHI aBramanti Maharashtrachi aMarathi aMarathi aBramanti Maharashtrachi